Keď za vás dlhy spláca poisťovňa

Poistenie schopnosti splatiť nové či existujúce záväzky (hypotéku na byt, spotrebný úver, či pôžičku na auto). Ponuka bánk niekoľkých možností poistenia s rôznym poistným krytím. Ako postupovať, keď nastane poistná udalosť. Poistná zmluva uzatvorená spolu s úverovou. Poistné súčasťou úverových splát...

Description complète

Enregistré dans:
Détails bibliographiques
Auteur principal: Chvojka, Milan
Format: Chapitre de livre
Langue:slovaque
Sujets:
Tags: Ajouter un tag
Pas de tags, Soyez le premier à ajouter un tag!

MARC

LEADER 00000naa$a2200000$$$4500
001 0091208
005 20231009102712.9
041 0 |a slo 
044 |a SK 
245 1 0 |a Keď za vás dlhy spláca poisťovňa  |c Milan Chvojka 
520 |a Poistenie schopnosti splatiť nové či existujúce záväzky (hypotéku na byt, spotrebný úver, či pôžičku na auto). Ponuka bánk niekoľkých možností poistenia s rôznym poistným krytím. Ako postupovať, keď nastane poistná udalosť. Poistná zmluva uzatvorená spolu s úverovou. Poistné súčasťou úverových splátok. Oboznámenie sa s výlukami poistenia. Čakacia (ochranná) lehota v prípade straty zamestnania. Podmienky poistenia. 
610 2 0 |a poistenie 
610 2 0 |a poistné 
610 2 0 |a úver bankový 
610 2 0 |a úver spotrebiteľský 
610 2 0 |a pôžičky 
610 2 0 |a banky 
610 2 0 |a dlhy 
610 2 0 |a splátky 
100 1 |a Chvojka, Milan